The spirit of Russia (Record no. 100432)

MARC details
000 -LEADER
campo de control de longitud fija 00654nam a2200193 i 4500
001 - NÚMERO DE CONTROL
campo de control 100432
003 - IDENTIFICADOR DE NÚMERO DE CONTROL
campo de control ES-MaACL
005 - FECHA Y HORA DE LA ÚLTIMA TRANSACCIÓN
campo de control 20230906182656.0
007 - CAMPO FIJO DE DESCRIPCIÓN FÍSICA--INFORMACIÓN GENERAL
campo de control de longitud fija t|
008 - DATOS DE LONGITUD FIJA--INFORMACIÓN GENERAL
campo de control de longitud fija 050928s1919 xxk ||||1| eng d
100 1# - ENTRADA PRINCIPAL--NOMBRE DE PERSONA
Nombre de persona Masaryk, Tomás Garrigue.
9 (RLIN) 78671
245 14 - MENCIÓN DEL TÍTULO
Título The spirit of Russia
Resto del título : studies in History, Literature and Philosophy /
Mención de responsabilidad, etc. by Tomás Garrigue Masaryk; traslated from the german original by Eden and Cedar Paul.
260 ## - PUBLICACIÓN, DISTRIBUCIÓN, ETC.
Lugar de publicación, distribución, etc. London :
Nombre del editor, distribuidor, etc. George Allen,
Fecha de publicación, distribución, etc. 1919.
300 ## - DESCRIPCIÓN FÍSICA
Extensión 2 v. ;
Dimensiones 22 cm.
651 #4 - PUNTO DE ACCESO ADICIONAL DE MATERIA--NOMBRE GEOGRÁFICO
Nombre geográfico Rusia-
Subdivisión general Civilización.
9 (RLIN) 9328
700 1# - ENTRADA AGREGADA--NOMBRE PERSONAL
Nombre de persona Paul, Eden.
9 (RLIN) 89630
700 1# - ENTRADA AGREGADA--NOMBRE PERSONAL
Nombre de persona Paul, Cedar.
9 (RLIN) 89626
852 ## - LOCALIZACIÓN
Ubicación ES-MaACL
Número de control de estantería C-2162-63
Holdings
Estatus retirado Estado de pérdida Estado de daño No para préstamo Biblioteca de origen Biblioteca actual Ubicación en estantería Fecha de adquisición Fuente de adquisición Total de préstamos Signatura topográfica completa Código de barras Visto por última vez Precio de reemplazo Tipo de ítem Koha
        Biblioteca del Ateneo de Madrid Biblioteca del Ateneo de Madrid Sala Palomar 17/01/2008     C-2162-63 1104862 23/02/2023 23/02/2023 Libro impreso